PHP 5. Практика создания Web-сайтов

Detalles Bibliográficos
Autor principal: Кузнецов М. В. Максим В.
Otros Autores: Симдянов И. В. Игорь В., Голышев С. В. Сегей В.
Sumario:С помощью PHP 5 разрабатываются многочисленные компоненты, входящие в состав полнофункционального Web-сайта. Рассматриваются работа с СУБД MySQL, вопросы защиты Web-приложений, работа с графикой, Rash и PDF-документами. В качестве практических примеров разработаны такие приложения, как система администрирования контента сайта, форум, система сбора и анализа статистики посетителей сайта, система рассылки, FТP-менеджер, универсальный каталог продукции и др. Книга ориентирована на читателей, знакомых с языками HTML и РНР, но не имеющих большого опыта разработки динамических Web-приложений. Компакт-диск содержит исходные коды всех Web-приложений, разрабатываемых в книге и в сумме составляющих готовый полнофункциональный корпоративный Web-сайт.
Lenguaje:ruso
Publicado: СПб., БХВ-Петербург, 2005
Materias:
Formato: Mixed Materials
KOHA link:https://koha.lib.tpu.ru/cgi-bin/koha/opac-detail.pl?biblionumber=77717

MARC

LEADER 00000nmm0a2200000 4500
001 77717
005 20231031093304.0
010 |a 5941575521 
035 |a (RuTPU)RU\TPU\book\83319 
090 |a 77717 
100 |a 20050526d2005 km y0rusy50 ca 
101 0 |a rus 
102 |a RU 
105 |a a z 001zy 
200 1 |a PHP 5. Практика создания Web-сайтов  |f М. В. Кузнецов, И. В. Симдянов, С. В. Голышев 
210 |a СПб.  |c БХВ-Петербург  |d 2005 
215 |a 948 с.  |c ил.  |e Приложение: CD-ROM 
320 |a Предметный указатель: с. 944-948 
330 |a С помощью PHP 5 разрабатываются многочисленные компоненты, входящие в состав полнофункционального Web-сайта. Рассматриваются работа с СУБД MySQL, вопросы защиты Web-приложений, работа с графикой, Rash и PDF-документами. В качестве практических примеров разработаны такие приложения, как система администрирования контента сайта, форум, система сбора и анализа статистики посетителей сайта, система рассылки, FТP-менеджер, универсальный каталог продукции и др. Книга ориентирована на читателей, знакомых с языками HTML и РНР, но не имеющих большого опыта разработки динамических Web-приложений. Компакт-диск содержит исходные коды всех Web-приложений, разрабатываемых в книге и в сумме составляющих готовый полнофункциональный корпоративный Web-сайт. 
610 1 |a языки программирования 
610 1 |a PHP 
610 1 |a Web-сайты 
610 1 |a Web-приложения 
610 1 |a MySQL 
610 1 |a СУБД 
610 1 |a Flash 
610 1 |a PDF 
610 1 |a безопасность 
610 1 |a администрирование 
610 1 |a графика 
610 1 |a изображения 
610 1 |a CD-ROM 
675 |a 681.3.06:800.92  |v 3 
700 1 |a Кузнецов  |b М. В.  |g Максим В. 
701 1 |a Симдянов  |b И. В.  |g Игорь В. 
701 1 |a Голышев  |b С. В.  |g Сегей В. 
801 1 |a RU  |b 63413507  |c 20050526  |g PSBO 
801 2 |a RU  |b 63413507  |c 20150414  |g PSBO 
942 |c MX